Central Library OPAC University of Rajshahi

সাহিত্য ঐতিহ্য মূল্যবোধ / (Record no. 41338)

MARC details
000 -LEADER
fixed length control field 00859nam a2200229 a 4500
001 - CONTROL NUMBER
control field 41338
003 - CONTROL NUMBER IDENTIFIER
rucl marc code BD-RjUL
005 - DATE AND TIME OF LATEST TRANSACTION
control field 20211209053352.0
008 - FIXED-LENGTH DATA ELEMENTS--GENERAL INFORMATION
fixed length control field 160529s1968 bg ||||| |||| 00| 0 ben d
020 ## - INTERNATIONAL STANDARD BOOK NUMBER
Terms of availability : TK 6.50
035 ## - SYSTEM CONTROL NUMBER
System control number (BD-RjUL)41455
040 ## - CATALOGING SOURCE
Original cataloging agency BD-RjUL
Language of cataloging ben
Transcribing agency BD-RjUL
041 ## - LANGUAGE CODE
Language code of text/sound track or separate title ben
082 ## - DEWEY DECIMAL CLASSIFICATION NUMBER
Edition number 23
Classification number 891.4409
Author mark and year HAS 1968
100 ## - MAIN ENTRY--PERSONAL NAME
Personal name হক, আবদুল
9 (RLIN) 127123
245 10 - TITLE STATEMENT
Title সাহিত্য ঐতিহ্য মূল্যবোধ /
Statement of responsibility, etc. আবদুল হক
260 ## - PUBLICATION, DISTRIBUTION, ETC. (IMPRINT)
Place of publication, distribution, etc. ঢাকা :
Name of publisher, distributor, etc. সমকাল প্রকাশনী,
Date of publication, distribution, etc. ১৯৬৮
300 ## - PHYSICAL DESCRIPTION
Pagination [৮], ২৫৫ পৃ. ;
Size ২১ সেমি.
650 ## - SUBJECT ADDED ENTRY--TOPICAL TERM
Topical term or geographic name as entry element বাংলা সাহিত্য
General subdivision ইতিহাস ও সমালোচনা
9 (RLIN) 127124
Topical term or geographic name as entry element Bengali Literature
General subdivision History & Criticism
9 (RLIN) 127125
942 ## - ADDED ENTRY ELEMENTS (KOHA)
Source of classification or shelving scheme Dewey Decimal Classification
Koha item type Books
Holdings
Lost status Source of classification or shelving scheme Damaged status Not for loan Collection code Permanent Location Current Location Shelving location Date acquired Source of acquisition Cost, normal purchase price Total Checkouts Full call number Date last seen Date checked out Copy number Koha item type
  Dewey Decimal Classification     Non-fiction Central Library, University of Rajshahi Central Library, University of Rajshahi   14/05/1970 Nawroge 6.50 1 B 891.4409 HAS 1968 21/05/2026 23/04/2026 C-2 Books
  Dewey Decimal Classification     Non-fiction Central Library, University of Rajshahi Central Library, University of Rajshahi   04/11/1968 Nawroge 5.00   B 891.4409 HAS 1968 27/10/2016   C-3 Books
  Dewey Decimal Classification     Non-fiction Central Library, University of Rajshahi Central Library, University of Rajshahi   04/11/1968 Nawroge 5.00   B 891.4409 HAS 1968 27/10/2016   C-4 Books
  Dewey Decimal Classification     Non-fiction Central Library, University of Rajshahi Central Library, University of Rajshahi   04/11/1968 Nawroge 5.00   B 891.4409 HAS 1968 27/10/2016   C-6 Books
  Dewey Decimal Classification     Non-fiction Central Library, University of Rajshahi Central Library, University of Rajshahi   04/11/1968 Nawroge 5.00 1 B 891.4409 HAS 1968 28/12/2016 20/12/2016 C-5 Books
  Dewey Decimal Classification     Non-fiction Central Library, University of Rajshahi Central Library, University of Rajshahi   04/11/1968 Nawroge 5.00   B 891.4409 HAS 1968 07/11/2016   C-6 Books